| 000 | 00573cam a2200193 a 4500 | ||
|---|---|---|---|
| 001 | 000000919 | ||
| 005 | 20200929145435.0 | ||
| 008 | 750314s1958 xx 000 0 eng | ||
| 040 |
_aDO-SdBNP _bspa _cBNPHU |
||
| 082 |
_a551.5 _bF533h |
||
| 100 | 1 |
_aFisher, Robert Moore _93250 |
|
| 245 | 1 | 0 |
_aHow about the weather? / _cWith a foreword by Ernest J. Christie. |
| 260 |
_aNew York : _bHarper, _c[1958]. |
||
| 300 |
_a172 p. : _bil. ; _c22 cm. |
||
| 650 | 4 |
_aMeteorologĂa _93251 |
|
| 650 | 4 |
_aTiempo _93252 |
|
| 650 | 4 |
_aClimatologĂa _93253 |
|
| 700 | 1 |
_aChristie, Ernest J. _93254 |
|
| 999 |
_c910 _d910 |
||